000 00290nam a2200097Ia 4500
008 220216s9999 xx 000 0 und d
100 _aKaziah Dato Abdul Kadir
245 0 _aOpportunities and incentives for rubber wood industries in Malaysia
650 _aRubber wood industries
942 _cJS
999 _c64401
_d64401